| 000 | 00715nam a2200169 a 4500 | ||
|---|---|---|---|
| 008 | 120416s2003 ||||||||||||||||| || u | ||
| 050 | _aS 539.J3 Lif | ||
| 245 | 1 | 0 |
_aLife, food and environment 2002 _cFaculty of Agriculture, Kyoto University |
| 246 | _aannual report of the faculty of Agriclture | ||
| 260 |
_aKyoto _bKyoto University _c2003 |
||
| 300 | _avi, 396p. | ||
| 350 | _a0.00 | ||
| 500 | _aAnnual report of the Graduate School/Faculty of Agriculture, Kyoto University. | ||
| 650 | _aAGRICULTURE--RESEARCH--JAPAN | ||
| 650 | _aAGRICULTURE--JAPAN | ||
| 995 |
_D0.00 _FCBU-MAIN LIBRARY (Kitwe) _H1 _I0.00 _M1 _UAVAILABLE _ZAnnex Low-Usage Collection |
||
| 999 |
_c49241 _d49241 |
||